000 00442nam a22001457a 4500
999 _c1992
_d1992
008 200210b ||||| |||| 00| 0 eng d
020 _a0521623839
100 _91597
_aCrocker, Malcom J.
245 1 0 _aAnalytical elements of mechanisms
_cby Malcom J. Crocker and Dan B. Marghitu
260 _aCambridge
_bCambridge University Press
_c2001
300 _ax,276p.
650 0 _aApplied Mechanics
700 _91598
_aMarghitu, Dan B.
942 _cBK